| 000 | 00671cam a22002293a 4500 | ||
|---|---|---|---|
| 001 | 19377 | ||
| 003 | PGUSA | ||
| 005 | 20140828083418.0 | ||
| 008 | 060925s2006||||xxu|||||s|||||000 | eng d | ||
| 040 |
_aPGUSA _beng |
||
| 042 | _adc | ||
| 050 | 4 | _aBX | |
| 100 | 1 |
_aPenn, William, _d1644-1718 |
|
| 245 | 1 | 2 |
_aA Brief Account of the Rise and Progress of the People Called Quakers _h[electronic resource] / _cWilliam Penn |
| 260 |
_bProject Gutenberg, _c2006 |
||
| 506 | _aPublic domain in the USA. | ||
| 516 | _aElectronic text | ||
| 653 | _aSociety of Friends | ||
| 830 | 0 |
_aProject Gutenberg _v19377 |
|
| 856 | 4 | 0 | _uhttp://www.gutenberg.org/ebooks/19377 |
| 942 | _cEB | ||
| 999 |
_c248632 _d248632 |
||